Statistics for Norske filmtitler - Serier

Click here to take the quiz!

General Stats

  • This quiz has been taken 11 times
  • The average score is 5 of 21

Answer Stats

Utenlandsk tittelNorsk tittel% Correct
FriendsVenner for livet
80%
Desperate HousewivesFrustrerte fruer
60%
ERAkutten
50%
Days of Our LivesI gode og onde dager
40%
7th HeavenDen syvende himmel
30%
Band of BrothersKrigens brorskap
30%
Two Guys, a Girl and a Pizza PlacePizzagjengen
30%
Full HouseUnder samme tak
30%
HeartbeatMed hjartet på rette staden
20%
Midsommer MurdersMord og Mysterier
20%
DucktalesOle, Dole og Doffen på eventyr
20%
Chip'n'Dale - Rescue RangersSnipp og Snapp - Redningspatruljen
20%
Married with ChildrenVåre verste år
20%
That 70's ShowEt syttitallsshow
10%
The Animals of Farthing WoodFlukta frå dyreskogen
10%
Mayday - Air DisasterFlyhavarikommisjonen
10%
GoosebumpsGrøsserne
10%
Fawlty TowersHotell i særklasse
10%
The West WingPresidenten
10%
Boy Meets WorldEt gutteliv!
0%
ScrubsHelt sykt
0%

Score Distribution

Percentile by Number Answered

Percent of People with Each Score

Your Score History

You have not taken this quiz